| 000 | 00509nam a22001697a 4500 | ||
|---|---|---|---|
| 005 | 20251108165312.0 | ||
| 008 | 250721s1987 xx 000 0 ara d | ||
| 082 | 1 | 4 | _a631.8/كاظ |
| 100 | 1 | _aعواد، كاظم مشحوت | |
| 245 | 1 | 0 | _aالتسميد و خصوبة التربة / |
| 264 | 1 |
_aالبصرة : _bوزارة التعليم العالي و البحث العلمي، _c1987. |
|
| 300 | _a393ص | ||
| 650 | 1 | 7 | _aالأسمدة |
| 650 | 1 | 7 | _aالتربة |
| 942 |
_2ddc _cBK |
||
| 999 |
_c24566 _d24566 |
||